| 000 | 00435nam a22001577a 4500 | ||
|---|---|---|---|
| 008 | 250623b |||||||| |||| 00| 0 eng d | ||
| 020 | _a9789393159236 | ||
| 050 |
_aG70.212 _b.F39 |
||
| 100 | _aFazal Shahab | ||
| 245 | _aGis basics | ||
| 250 | _a2nd edition | ||
| 260 |
_aNew Delhi _bNew age international limited publisher _c2024 |
||
| 300 |
_aix, 367 _bill |
||
| 650 | _aGeographic information systems- textbook | ||
| 942 | _cBK | ||
| 999 |
_c3943 _d3943 |
||